Los recursos del procedimiento civil (Registro nro. 2222)
[ vista simple ]
| 000 -LEADER | |
|---|---|
| fixed length control field | 00441nam a2200145Ia 4500 |
| 008 - FIXED-LENGTH DATA ELEMENTS--GENERAL INFORMATION | |
| fixed length control field | 211106s9999||||xx |||||||||||||| ||und|| |
| 020 ## - INTERNATIONAL STANDARD BOOK NUMBER | |
| International Standard Book Number | 99934-68-82-7 |
| 040 ## - CATALOGING SOURCE | |
| Original cataloging agency | UNEFA |
| 100 ## - MAIN ENTRY--PERSONAL NAME | |
| Personal name | Alarcon Edynson |
| 245 #0 - TITLE STATEMENT | |
| Title | Los recursos del procedimiento civil |
| Remainder of title | Comentarios Dotrinales y Formatos Procesales |
| 245 #0 - TITLE STATEMENT | |
| Statement of responsibility, etc. | Ciencias Juridicas y Politicas |
| 250 ## - EDITION STATEMENT | |
| Edition statement | Editoras Juridicas Trajao Potentini |
| 260 ## - PUBLICATION, DISTRIBUTION, ETC. | |
| Place of publication, distribution, etc. | 2006 |
| 650 ## - SUBJECT ADDED ENTRY--TOPICAL TERM | |
| Topical term or geographic name entry element | DERECHO |
| Withdrawn status | Lost status | Damaged status | Not for loan | Home library | Current library | Date acquired | Total Checkouts | Barcode | Date last seen | Price effective from | Koha item type |
|---|---|---|---|---|---|---|---|---|---|---|---|
| Disponible para préstamo | UNEFA | UNEFA | 11/05/2021 | UNEFA2564 | 11/05/2021 | 11/05/2021 | Libro |




